|
LDR
| 02111nam a22005175i 4500 |
|---|
| 001 | 18209 |
|---|
| 003 | CONS |
|---|
| 005 | 20131220022934.0 |
|---|
| 007 | cr nn 008mamaa |
|---|
| 008 | 101222s2005 gw | s |||| 0|eng d |
|---|
| 020 | | . |
‡a9783540316510
‡9978-3-540-31651-0 |
|---|
| 024 | 7 | . |
‡a10.1007/11590323
‡2doi |
|---|
| 035 | | . |
‡a(DE-He213)978-3-540-31651-0 |
|---|
| 050 | | 4. |
‡aQ334-342 |
|---|
| 050 | | 4. |
‡aTJ210.2-211.495 |
|---|
| 072 | | 7. |
‡aUYQ
‡2bicssc |
|---|
| 072 | | 7. |
‡aTJFM1
‡2bicssc |
|---|
| 072 | | 7. |
‡aCOM004000
‡2bisacsh |
|---|
| 100 | 1 | . |
‡aMaybury, Mark.
‡eeditor. |
|---|
| 245 | 1 | 0. |
‡aIntelligent Technologies for Interactive Entertainment
‡h[electronic resource] :
‡bFirst International Conference, INTETAIN 2005, Madonna di Campiglio, Italy, November 30 – December 2, 2005. Proceedings /
‡cedited by Mark Maybury, Oliviero Stock, Wolfgang Wahlster. |
|---|
| 264 | | 1. |
‡aBerlin, Heidelberg :
‡bSpringer Berlin Heidelberg,
‡c2005. |
|---|
| 300 | | . |
‡aXV, 342 p. Also available online.
‡bonline resource. |
|---|
| 336 | | . |
‡atext
‡btxt
‡2rdacontent |
|---|
| 337 | | . |
‡acomputer
‡bc
‡2rdamedia |
|---|
| 338 | | . |
‡aonline resource
‡bcr
‡2rdacarrier |
|---|
| 347 | | . |
‡atext file
‡bPDF
‡2rda |
|---|
| 490 | 1 | . |
‡aLecture Notes in Computer Science,
‡x0302-9743 ;
‡v3814 |
|---|
| 650 | | 0. |
‡aComputer science. |
|---|
| 650 | | 0. |
‡aInformation systems. |
|---|
| 650 | | 0. |
‡aMultimedia systems. |
|---|
| 650 | | 0. |
‡aArtificial intelligence. |
|---|
| 650 | | 0. |
‡aComputer graphics. |
|---|
| 650 | 1 | 4. |
‡aComputer Science. |
|---|
| 650 | 2 | 4. |
‡aArtificial Intelligence (incl. Robotics). |
|---|
| 650 | 2 | 4. |
‡aInformation Systems Applications (incl.Internet). |
|---|
| 650 | 2 | 4. |
‡aMultimedia Information Systems. |
|---|
| 650 | 2 | 4. |
‡aUser Interfaces and Human Computer Interaction. |
|---|
| 650 | 2 | 4. |
‡aComputer Graphics. |
|---|
| 650 | 2 | 4. |
‡aComputer Appl. in Arts and Humanities. |
|---|
| 700 | 1 | . |
‡aStock, Oliviero.
‡eeditor. |
|---|
| 700 | 1 | . |
‡aWahlster, Wolfgang.
‡eeditor. |
|---|
| 710 | 2 | . |
‡aSpringerLink (Online service) |
|---|
| 773 | 0 | . |
‡tSpringer eBooks |
|---|
| 776 | 0 | 8. |
‡iPrinted edition:
‡z9783540305095 |
|---|
| 830 | | 0. |
‡aLecture Notes in Computer Science,
‡x0302-9743 ;
‡v3814 |
|---|
| 856 | 4 | 0. |
‡uhttp://biblioteca.ipicyt.edu.mx:2048/login?url=http://dx.doi.org/10.1007/11590323
‡yTexto completo
‡9CONS |
|---|
| 950 | | . |
‡aComputer Science (Springer-11645) |
|---|
| 901 | | . |
‡a18209
‡b
‡c18209
‡tbiblio
‡sSystem Local |
|---|